Statistiques concernant Lettres de A à N sur un clavier AZERTY

Cliquez ici pour prendre le quiz!

Statistiques générales

  • Ce quiz a été pris 1 123 fois
  • Le résultat moyen est 23 sur 26

Statistiques - réponses

HintRéponse% Correct
AA
99%
EE
98%
RR
96%
II
95%
ZZ
95%
TT
94%
OO
93%
PP
93%
UU
93%
YY
93%
DD
92%
FF
92%
QQ
92%
GG
91%
HH
91%
SS
90%
JJ
89%
KK
89%
LL
87%
MM
87%
CC
85%
BB
84%
NN
83%
WW
83%
XX
82%
VV
81%

Distribution des résultats

Percentile par nombre de réponses

% des personnes avec chaque résultat

Votre développement - résultats

Vous n’avez pas pris ce quiz